DEBIAN GNU LINUX 4 0 II (Record no. 33737)
[ view plain ]
| 000 -LEADER | |
|---|---|
| fixed length control field | 00219nam a2200097Ia 4500 |
| 008 - FIXED-LENGTH DATA ELEMENTS--GENERAL INFORMATION | |
| fixed length control field | 240625s9999 xx 000 0 und d |
| 041 ## - LANGUAGE CODE | |
| Language code of text/sound track or separate title | eng |
| 100 ## - MAIN ENTRY--PERSONAL NAME | |
| Personal name | LINUX FOR YOU |
| 245 ## - TITLE STATEMENT | |
| Title | DEBIAN GNU LINUX 4 0 II |
| 260 ## - PUBLICATION, DISTRIBUTION, ETC. | |
| Date of publication, distribution, etc. | 2007 |
| Withdrawn status | Lost status | Damaged status | Not for loan | Home library | Current library | Date acquired | Total Checkouts | Barcode | Date last seen | Price effective from | Koha item type |
|---|---|---|---|---|---|---|---|---|---|---|---|
| IMTN | IMTN | 10/07/2007 | CD756 | 06/25/2024 | 06/25/2024 | CD |